| 000 | 00552nam a2200181 a 4500 | ||
|---|---|---|---|
| 001 | 000026750 | ||
| 005 | 20200930030406.0 | ||
| 008 | 110325s1974 dr 000 0 spa d | ||
| 040 |
_aDO-SdBNP _bspa _cBNPHU |
||
| 082 |
_axxx _bC965g |
||
| 100 | 1 |
_aCuello H., José Israel _96298 |
|
| 245 | 1 | 3 |
_aLa Gulf and Western en el reformismo / _cJosé Israel, Julio F. Peynado. |
| 260 |
_aSanto Domingo : _bTaller, _c1974. |
||
| 300 |
_a69 p. ; _c22 cm. |
||
| 500 | _aIncluye notas al pie de las páginas | ||
| 700 | 1 |
_aPeynado, José F. _953858 |
|
| 049 | _aBNPD | ||
| 999 |
_c26242 _d26242 |
||